000 00574nam a2200181Ia 4500
003 GCL
008 140319s9999 xx 000 0 ara d
040 _aGCL /
_cGCL
082 0 4 _a301.1
_bو ع
100 1 _aوليم و.لامبرت
245 1 0 _aعلم النفس الاجتماعى /
_cوليم و.لامبرت
700 1 _aوولاس ا. لامبرت
260 _a[S.N] :
_bدار الشروق ،
_c1993
300 _a252 ص
490 _aمكتبة اصول علم النفس الحديث
_v0
650 0 4 _aعلم النفس الاجتماعى
942 _2ddc
_cBK
999 _c52634
_d52634